Partial country flags quiz - Statistics

General Stats
  • This quiz has been taken 30 times
  • The average score is 23 of 27
Answer Stats
Picture Answer % Correct
sweden
96%
kenya
92%
malaysia
92%
new zealand
92%
sri lanka
92%
uruguay
92%
vatican
92%
australia
88%
barbados
88%
cambodia
88%
san marino
88%
spain
88%
venezuela
88%
egypt
84%
ethiopia
84%
montenegro
84%
north korea
84%
slovenia
84%
taiwan
84%
kiribati
80%
nepal
80%
norway
80%
malawi
76%
Singapore
76%
andorra
72%
dominican republic
68%
paraguay
68%
No matching quizzes found
Score Distribution
Percent of People with Each Score
Percentile by Number Answered
Your Score History
You have not taken this quiz